000 00273nam a22001097a 4500
008 160426b xxu||||| |||| 00| 0 eng d
020 _a0471040355
041 _aeng
080 _a618.2
245 _aPatient teaching in nursing practice;
_cBarbara W. Narrow;
942 _2udc
_cBK
999 _c1606
_d1606